000
002880000a22000970004500
245
1
0
_a
"El crédito desbordado puede generar caos"
300
_a
Vol.0, núm.722 (30 Abril - 6 mayo, 2007), Páginas 36-37
500
_a
Entrevista con Augusto Acosta Torres
773
0
_t
Cambio 16
942
_c
ANA
999
_c
62107
_d
62107